| 000 -LEADER |
| fixed length control field |
06055cam a22010455i 4500 |
| 001 - CONTROL NUMBER |
| control field |
22716238 |
| 003 - CONTROL NUMBER IDENTIFIER |
| control field |
NUST |
| 005 - DATE AND TIME OF LATEST TRANSACTION |
| control field |
20220825123418.0 |
| 008 - FIXED-LENGTH DATA ELEMENTS--GENERAL INFORMATION |
| fixed length control field |
220722t20212021nyu e b 000 f eng d |
| 010 ## - LIBRARY OF CONGRESS CONTROL NUMBER |
| LC control number |
2022275613 |
| 015 ## - NATIONAL BIBLIOGRAPHY NUMBER |
| National bibliography number |
GBC1E3801 |
| Source |
bnb |
| 016 7# - NATIONAL BIBLIOGRAPHIC AGENCY CONTROL NUMBER |
| Record control number |
020310829 |
| Source |
Uk |
| 020 ## - INTERNATIONAL STANDARD BOOK NUMBER |
| International Standard Book Number |
9780062976000 |
| Qualifying information |
(hardcover) |
| 020 ## - INTERNATIONAL STANDARD BOOK NUMBER |
| International Standard Book Number |
0062976001 |
| Qualifying information |
(hardcover) |
| 035 ## - SYSTEM CONTROL NUMBER |
| System control number |
(OCoLC)on1260159232 |
| 038 ## - RECORD CONTENT LICENSOR |
| Staff Name |
Azhar |
| 040 ## - CATALOGING SOURCE |
| Original cataloging agency |
IMmBT |
| Language of cataloging |
eng |
| Transcribing agency |
FSP |
| Description conventions |
rda |
| Modifying agency |
FSP |
| -- |
OCLCQ |
| -- |
OCLCO |
| -- |
OCO |
| -- |
JAS |
| -- |
JSZ |
| -- |
OCLCO |
| -- |
YU6 |
| -- |
YDX |
| -- |
BDX |
| -- |
CNNWP |
| -- |
MJ8 |
| -- |
OCLCO |
| -- |
ILC |
| -- |
JQM |
| -- |
K#T |
| -- |
OCLCO |
| -- |
OCLCF |
| -- |
TCH |
| -- |
DYJ |
| -- |
BELPL |
| -- |
DEERP |
| -- |
MLSOD |
| -- |
AU@ |
| -- |
AZZPT |
| -- |
OCLCO |
| -- |
CNCAR |
| -- |
OCLCO |
| -- |
J@R |
| -- |
OCLCO |
| -- |
MTG |
| -- |
OCLCO |
| -- |
UKMGB |
| -- |
OCLCO |
| -- |
ALECL |
| -- |
OCLCO |
| -- |
DF$ |
| -- |
DMOPL |
| -- |
OCLCO |
| -- |
W8A |
| -- |
ZGR |
| -- |
MQW |
| -- |
OCLCO |
| -- |
G8T |
| -- |
UAH |
| -- |
OCLCO |
| -- |
UOJ |
| -- |
OCLCO |
| -- |
DLC |
| 042 ## - AUTHENTICATION CODE |
| Authentication code |
lccopycat |
| 043 ## - GEOGRAPHIC AREA CODE |
| Geographic area code |
n-us--- |
| -- |
n-us-dc |
| 082 04 - DEWEY DECIMAL CLASSIFICATION NUMBER |
| Classification number |
813.54 |
| Edition number |
23 |
| Author Mark |
CHI |
| 100 1# - MAIN ENTRY--PERSONAL NAME |
| Personal name |
Chiaverini, Jennifer, |
| Relator term |
author. |
| 9 (RLIN) |
96077 |
| 245 14 - TITLE STATEMENT |
| Title |
The women's march : |
| Remainder of title |
a novel of the 1913 woman suffrage procession |
| Statement of responsibility, etc. |
Jennifer Chiaverini. |
| 246 30 - VARYING FORM OF TITLE |
| Title proper/short title |
Novel of the 1913 woman suffrage procession |
| 246 3# - VARYING FORM OF TITLE |
| Title proper/short title |
Novel of the nineteen-thirteen woman suffrage procession |
| 250 ## - EDITION STATEMENT |
| Edition statement |
First edition. |
| 260 ## - PUBLICATION, DISTRIBUTION, ETC. |
| Place of publication, distribution, etc. |
New York : |
| Name of publisher, distributor, etc. |
William Morrow, an imprint of HarperCollins Publishers, |
| Date of publication, distribution, etc. |
2021 |
| 264 #4 - PRODUCTION, PUBLICATION, DISTRIBUTION, MANUFACTURE, AND COPYRIGHT NOTICE |
| Date of production, publication, distribution, manufacture, or copyright notice |
©2021 |
| 300 ## - PHYSICAL DESCRIPTION |
| Extent |
343 pages ; |
| Dimensions |
24 cm |
| 336 ## - CONTENT TYPE |
| Content type term |
text |
| Content type code |
txt |
| Source |
rdacontent |
| 337 ## - MEDIA TYPE |
| Media type term |
unmediated |
| Media type code |
n |
| Source |
rdamedia |
| 338 ## - CARRIER TYPE |
| Carrier type term |
volume |
| Carrier type code |
nc |
| Source |
rdacarrier |
| 504 ## - BIBLIOGRAPHY, ETC. NOTE |
| Bibliography, etc. note |
Includes bibliographical references (pages [341]-343). |
| 520 ## - SUMMARY, ETC. |
| Summary, etc. |
Inspired by actual events, this novel offers a fascinating account of a crucial but little-remembered moment in American history that follows three courageous women who bravely risked their lives and liberty in the fight to win the vote. |
| 520 ## - SUMMARY, ETC. |
| Summary, etc. |
Alice Paul returns to New Jersey after several years on the front lines of the suffrage movement in Great Britain, determined to invigorate the stagnant suffrage movement in her homeland. Nine states have already granted women voting rights, but only a constitutional amendment will secure the vote for all. She organizes a procession down Pennsylvania Avenue in Washington, DC, the day before the inauguration of President-elect Woodrow Wilson, a firm antisuffragist. Joining the march is Maud Malone, librarian and advocate for women's and workers' rights. Civil rights activist and journalist Ida B. Wells-Barnett resolves that women of color must also be included in the march-- and the proposed amendment. On March 3, 1913 the march commences, but police allow crowds of belligerent men to block the parade route, assaulting the marchers and endangering not only the success of the demonstration but the women's very lives. -- adapted from jacket |
| 600 10 - SUBJECT ADDED ENTRY--PERSONAL NAME |
| Personal name |
Paul, Alice, |
| Dates associated with a name |
1885-1977 |
| Form subdivision |
Fiction. |
| 9 (RLIN) |
96078 |
| 600 10 - SUBJECT ADDED ENTRY--PERSONAL NAME |
| Personal name |
Malone, Maud, |
| Dates associated with a name |
1873-1951 |
| Form subdivision |
Fiction. |
| 9 (RLIN) |
96079 |
| 600 10 - SUBJECT ADDED ENTRY--PERSONAL NAME |
| Personal name |
Wells-Barnett, Ida B., |
| Dates associated with a name |
1862-1931 |
| Form subdivision |
Fiction. |
| 9 (RLIN) |
96080 |
| 600 17 - SUBJECT ADDED ENTRY--PERSONAL NAME |
| Personal name |
Paul, Alice, |
| Dates associated with a name |
1885-1977. |
| Source of heading or term |
fast |
| Authority record control number or standard number |
(OCoLC)fst00171361 |
| 9 (RLIN) |
96081 |
| 600 17 - SUBJECT ADDED ENTRY--PERSONAL NAME |
| Personal name |
Wells-Barnett, Ida B., |
| Dates associated with a name |
1862-1931. |
| Source of heading or term |
fast |
| Authority record control number or standard number |
(OCoLC)fst00005651 |
| 9 (RLIN) |
96082 |
| 600 17 - SUBJECT ADDED ENTRY--PERSONAL NAME |
| Personal name |
Paul, Alice, |
| Dates associated with a name |
1885-1977 |
| Form subdivision |
Fiction. |
| Source of heading or term |
sears |
| 9 (RLIN) |
96078 |
| 600 17 - SUBJECT ADDED ENTRY--PERSONAL NAME |
| Personal name |
Malone, Maud, |
| Dates associated with a name |
1873-1951 |
| Form subdivision |
Fiction. |
| Source of heading or term |
sears |
| 9 (RLIN) |
96079 |
| 600 17 - SUBJECT ADDED ENTRY--PERSONAL NAME |
| Personal name |
Wells-Barnett, Ida B., |
| Dates associated with a name |
1862-1931 |
| Form subdivision |
Fiction. |
| Source of heading or term |
sears |
| 9 (RLIN) |
96080 |
| 650 #0 - SUBJECT ADDED ENTRY--TOPICAL TERM |
| Topical term or geographic name entry element |
Women |
| General subdivision |
Suffrage |
| Geographic subdivision |
United States |
| Form subdivision |
Fiction. |
| 9 (RLIN) |
96083 |
| 650 #0 - SUBJECT ADDED ENTRY--TOPICAL TERM |
| Topical term or geographic name entry element |
Suffragists |
| Geographic subdivision |
United States |
| Form subdivision |
Fiction. |
| 9 (RLIN) |
96084 |
| 650 #0 - SUBJECT ADDED ENTRY--TOPICAL TERM |
| Topical term or geographic name entry element |
Demonstrations |
| Geographic subdivision |
Washington (D.C.) |
| Form subdivision |
Fiction. |
| 9 (RLIN) |
96085 |
| 650 #0 - SUBJECT ADDED ENTRY--TOPICAL TERM |
| Topical term or geographic name entry element |
First-wave feminism |
| Geographic subdivision |
United States |
| Form subdivision |
Fiction. |
| 9 (RLIN) |
96086 |
| 650 #0 - SUBJECT ADDED ENTRY--TOPICAL TERM |
| Topical term or geographic name entry element |
Women |
| General subdivision |
Political activity |
| Geographic subdivision |
United States |
| Form subdivision |
Fiction. |
| 9 (RLIN) |
96087 |
| 650 #0 - SUBJECT ADDED ENTRY--TOPICAL TERM |
| Topical term or geographic name entry element |
Women's rights |
| Geographic subdivision |
United States |
| Form subdivision |
Fiction. |
| 9 (RLIN) |
96088 |
| 650 #1 - SUBJECT ADDED ENTRY--TOPICAL TERM |
| Topical term or geographic name entry element |
Women |
| General subdivision |
Suffrage |
| -- |
Fiction. |
| 9 (RLIN) |
96089 |
| 650 #6 - SUBJECT ADDED ENTRY--TOPICAL TERM |
| Topical term or geographic name entry element |
Femmes |
| General subdivision |
Suffrage |
| Geographic subdivision |
États-Unis |
| Form subdivision |
Romans, nouvelles, etc. |
| 9 (RLIN) |
96090 |
| 650 #6 - SUBJECT ADDED ENTRY--TOPICAL TERM |
| Topical term or geographic name entry element |
Manifestations |
| Geographic subdivision |
Washington (D.C.) |
| Form subdivision |
Romans, nouvelles, etc. |
| 9 (RLIN) |
96091 |
| 650 #6 - SUBJECT ADDED ENTRY--TOPICAL TERM |
| Topical term or geographic name entry element |
Féminisme de la première vague |
| Geographic subdivision |
États-Unis |
| Form subdivision |
Romans, nouvelles, etc. |
| 9 (RLIN) |
96092 |
| 650 #6 - SUBJECT ADDED ENTRY--TOPICAL TERM |
| Topical term or geographic name entry element |
Femmes |
| General subdivision |
Activité politique |
| Geographic subdivision |
États-Unis |
| Form subdivision |
Romans, nouvelles, etc. |
| 9 (RLIN) |
96093 |
| 650 #7 - SUBJECT ADDED ENTRY--TOPICAL TERM |
| Topical term or geographic name entry element |
FICTION / Historical / World War I. |
| Source of heading or term |
bisacsh |
| 9 (RLIN) |
96094 |
| 650 #7 - SUBJECT ADDED ENTRY--TOPICAL TERM |
| Topical term or geographic name entry element |
FICTION / Women. |
| Source of heading or term |
bisacsh |
| 9 (RLIN) |
96095 |
| 650 #7 - SUBJECT ADDED ENTRY--TOPICAL TERM |
| Topical term or geographic name entry element |
FICTION / Feminist. |
| Source of heading or term |
bisacsh |
| 9 (RLIN) |
96096 |
| 650 #7 - SUBJECT ADDED ENTRY--TOPICAL TERM |
| Topical term or geographic name entry element |
Demonstrations. |
| Source of heading or term |
fast |
| Authority record control number or standard number |
(OCoLC)fst00890222 |
| 9 (RLIN) |
96097 |
| 650 #7 - SUBJECT ADDED ENTRY--TOPICAL TERM |
| Topical term or geographic name entry element |
First-wave feminism. |
| Source of heading or term |
fast |
| Authority record control number or standard number |
(OCoLC)fst01745222 |
| 9 (RLIN) |
96098 |
| 650 #7 - SUBJECT ADDED ENTRY--TOPICAL TERM |
| Topical term or geographic name entry element |
Suffragists. |
| Source of heading or term |
fast |
| Authority record control number or standard number |
(OCoLC)fst01137197 |
| 9 (RLIN) |
96099 |
| 650 #7 - SUBJECT ADDED ENTRY--TOPICAL TERM |
| Topical term or geographic name entry element |
Women |
| General subdivision |
Political activity. |
| Source of heading or term |
fast |
| Authority record control number or standard number |
(OCoLC)fst01734136 |
| 9 (RLIN) |
93688 |
| 650 #7 - SUBJECT ADDED ENTRY--TOPICAL TERM |
| Topical term or geographic name entry element |
Women |
| General subdivision |
Suffrage. |
| Source of heading or term |
fast |
| Authority record control number or standard number |
(OCoLC)fst01176996 |
| 9 (RLIN) |
96100 |
| 650 #7 - SUBJECT ADDED ENTRY--TOPICAL TERM |
| Topical term or geographic name entry element |
Women's rights. |
| Source of heading or term |
fast |
| Authority record control number or standard number |
(OCoLC)fst01178818 |
| 9 (RLIN) |
94049 |
| 650 #7 - SUBJECT ADDED ENTRY--TOPICAL TERM |
| Topical term or geographic name entry element |
Suffragettes. |
| Source of heading or term |
homoit |
| 9 (RLIN) |
96101 |
| 650 #7 - SUBJECT ADDED ENTRY--TOPICAL TERM |
| Topical term or geographic name entry element |
Feminists. |
| Source of heading or term |
homoit |
| 9 (RLIN) |
96102 |
| 650 #7 - SUBJECT ADDED ENTRY--TOPICAL TERM |
| Topical term or geographic name entry element |
Women. |
| Source of heading or term |
homoit |
| 650 #7 - SUBJECT ADDED ENTRY--TOPICAL TERM |
| Topical term or geographic name entry element |
Gender identity. |
| Source of heading or term |
homoit |
| 9 (RLIN) |
96103 |
| 650 #7 - SUBJECT ADDED ENTRY--TOPICAL TERM |
| Topical term or geographic name entry element |
Women |
| General subdivision |
Suffrage |
| Geographic subdivision |
United States |
| Form subdivision |
Fiction. |
| Source of heading or term |
sears |
| 9 (RLIN) |
96083 |
| 650 #7 - SUBJECT ADDED ENTRY--TOPICAL TERM |
| Topical term or geographic name entry element |
Suffragists |
| Geographic subdivision |
United States |
| Form subdivision |
Fiction. |
| Source of heading or term |
sears |
| 9 (RLIN) |
96084 |
| 650 #7 - SUBJECT ADDED ENTRY--TOPICAL TERM |
| Topical term or geographic name entry element |
Demonstrations |
| Geographic subdivision |
Washington (D.C.) |
| Form subdivision |
Fiction. |
| Source of heading or term |
sears |
| 9 (RLIN) |
96085 |
| 650 #7 - SUBJECT ADDED ENTRY--TOPICAL TERM |
| Topical term or geographic name entry element |
Feminism |
| Geographic subdivision |
United States |
| Form subdivision |
Fiction. |
| Source of heading or term |
sears |
| 9 (RLIN) |
96104 |
| 650 #7 - SUBJECT ADDED ENTRY--TOPICAL TERM |
| Topical term or geographic name entry element |
Women |
| General subdivision |
Political activity |
| Geographic subdivision |
United States |
| Form subdivision |
Fiction. |
| Source of heading or term |
sears |
| 9 (RLIN) |
96087 |
| 650 #7 - SUBJECT ADDED ENTRY--TOPICAL TERM |
| Topical term or geographic name entry element |
Women's rights |
| Geographic subdivision |
United States |
| Form subdivision |
Fiction. |
| Source of heading or term |
sears |
| 9 (RLIN) |
96088 |
| 651 #7 - SUBJECT ADDED ENTRY--GEOGRAPHIC NAME |
| Geographic name |
United States. |
| Source of heading or term |
fast |
| Authority record control number or standard number |
(OCoLC)fst01204155 |
| 651 #7 - SUBJECT ADDED ENTRY--GEOGRAPHIC NAME |
| Geographic name |
Washington (D.C.) |
| Source of heading or term |
fast |
| Authority record control number or standard number |
(OCoLC)fst01204505 |
| 9 (RLIN) |
96105 |
| 655 #0 - INDEX TERM--GENRE/FORM |
| Genre/form data or focus term |
Historical fiction. |
| 655 #2 - INDEX TERM--GENRE/FORM |
| Genre/form data or focus term |
Fictional Work |
| 9 (RLIN) |
96106 |
| 655 #7 - INDEX TERM--GENRE/FORM |
| Genre/form data or focus term |
Biographical fiction. |
| Source of term |
fast |
| Authority record control number |
(OCoLC)fst01726537 |
| 9 (RLIN) |
416 |
| 655 #7 - INDEX TERM--GENRE/FORM |
| Genre/form data or focus term |
Fiction. |
| Source of term |
fast |
| Authority record control number |
(OCoLC)fst01423787 |
| 655 #7 - INDEX TERM--GENRE/FORM |
| Genre/form data or focus term |
Historical fiction. |
| Source of term |
fast |
| Authority record control number |
(OCoLC)fst01726640 |
| 9 (RLIN) |
98513 |
| 655 #7 - INDEX TERM--GENRE/FORM |
| Genre/form data or focus term |
Novels. |
| Source of term |
fast |
| Authority record control number |
(OCoLC)fst01921742 |
| 9 (RLIN) |
96108 |
| 655 #7 - INDEX TERM--GENRE/FORM |
| Genre/form data or focus term |
Historical fiction. |
| Source of term |
gsafd |
| 9 (RLIN) |
98513 |
| 655 #7 - INDEX TERM--GENRE/FORM |
| Genre/form data or focus term |
Biographical fiction. |
| Source of term |
gsafd |
| 9 (RLIN) |
416 |
| 655 #7 - INDEX TERM--GENRE/FORM |
| Genre/form data or focus term |
Historical fiction. |
| Source of term |
lcgft |
| 9 (RLIN) |
98513 |
| 655 #7 - INDEX TERM--GENRE/FORM |
| Genre/form data or focus term |
Biographical fiction. |
| Source of term |
lcgft |
| 9 (RLIN) |
416 |
| 655 #7 - INDEX TERM--GENRE/FORM |
| Genre/form data or focus term |
Novels. |
| Source of term |
lcgft |
| 9 (RLIN) |
96108 |
| 655 #7 - INDEX TERM--GENRE/FORM |
| Genre/form data or focus term |
Romans. |
| Source of term |
rvmgf |
| 9 (RLIN) |
96109 |
| 906 ## - LOCAL DATA ELEMENT F, LDF (RLIN) |
| a |
0 |
| b |
ibc |
| c |
copycat |
| d |
2 |
| e |
ncip |
| f |
20 |
| g |
y-gencatlg |
| 942 ## - ADDED ENTRY ELEMENTS (KOHA) |
| Source of classification or shelving scheme |
|
| Koha item type |
Lincoln Corner |